000 00296nam a22001337a 4500
008 171017b xxu||||| |||| 00| 0 eng d
020 _a9780205128242
041 _aeng
080 _22ND
_a331.101.262
100 _a52
101 _aBNJ
245 _aHUMAN BEHAVIOR
_cCHESS,W.A
942 _2udc
_cBK
999 _c34371
_d34371